Children of British Monarchs - Statistics

General Stats
  • This quiz has been taken 442 times
  • The average score is 139 of 197
Answer Stats
Hint Answer % Correct
George II George William
99%
Charles I | Charles III | Edward I | +8 others Henry
99%
Anne | Charles III | Edward III | +6 others William
99%
Edward I | Edward II | Edward III | +9 others Edward
98%
Charles I | Edward I | Edward IV | +5 others Elizabeth
98%
Charles I | Elizabeth II | James I | James II Charles
97%
Charles I | Edward IV | Elizabeth II | +2 others Anne
96%
Stephen Marie
96%
Anne | Charles I | Edward I | +9 others Mary
96%
Anne | Edward IV | Edward VII | +3 others George
93%
Edward VII Alexander John
92%
Edward I | Edward II | Edward III | +3 others John
92%
Edward I | Edward III | Edward IV | +4 others Margaret
92%
Elizabeth II Andrew
89%
Edward VII Albert Victor
86%
Edward IV | Henry II | John | William I Richard
84%
Edward VII | Victoria Victoria
81%
Charles I Charles James
80%
Charles I | James II James
80%
Henry VII | Victoria Arthur
75%
George III | George IV Charlotte
75%
William I Matilda
65%
Edward VII | Victoria Louise
63%
Edward I | Henry III | Henry VII Katherine
62%
Charles I | Edward IV | James II Catherine
59%
James I Henry Frederick
59%
Henry I | Henry II | Stephen Matilda
59%
Victoria Alice
58%
George III Augustus Frederick
58%
Anne Anne Sophia
57%
George III Augusta Sophia
57%
George II | George III Frederick
57%
George III | James I Sophia
57%
Henry III | Victoria Beatrice
55%
George III | Victoria Alfred
54%
Victoria Helena
53%
Victoria Leopold
52%
James I | William I Robert
51%
George III Ernest Augustus
48%
Edward VII Maud
47%
Charles II | Edward V | Edward VI | +8 others No Children
47%
Edward I | Edward III | Henry III | Henry VII Edmund
45%
Edward I | Edward II | Henry II | John Eleanor
45%
James II Isabel
45%
George II | George III Amelia
44%
Edward I | Edward II | Edward III | +2 others Joan
44%
Edward I | Edward III | Henry IV Thomas
44%
William I Adela
43%
George II | James II Louisa
43%
George II Caroline
40%
James II Charlotte Maria
40%
Charles I | James II Henrietta
39%
George III Octavius
38%
Edward III | John Isabella
37%
George III Adolphus
35%
William I Adeliza
32%
Edward IV Cecily
30%
Henry II Geoffrey
30%
Edward III | Henry IV Blanche
29%
James II Edgar
29%
Henry IV Philippa
29%
George I Sophia Dorothea
27%
William I Cecilia
25%
William I Constance
24%
William I Agatha
22%
Stephen Baldwin
22%
Edward IV Bridget
22%
Stephen Eustace
22%
James II Catherine Laura
21%
Edward I Alphonso
20%
Edward I Berengaria
20%
Edward III Lionel
19%
Henry IV Humphrey
17%
No matching quizzes found
Score Distribution
Percent of People with Each Score
Percentile by Number Answered
Your Score History
You have not taken this quiz